000 01070nam a22003017a 4500
001 10151
003 FISKH
005 20260428103700.0
008 260428b cb ||||| |||| 00| 0 eng d
020 _a9780462008912
040 _aFISKH
_beng
_cFISKH
_dFISKH
050 _aPZ7
082 _a428.6
100 _aColquhoun, John
_eAuthor
245 _aWashed away /
_cWritten by John Colquhoun ; illustrated by Jeff Burnett
250 _aThis edition published in 2011
260 _aLondon :
_bMarshall Cavendish,
_c2008.
300 _a16 pages :
_bcolor illustrations ;
_c16 x 19 cm
490 _aMy Pals are here ! Reading stars :
_v11a
505 _aJ
520 _aStan the spider liked to play in the kitchen. But Stan's mother did not like him to play there because it's not a safe place to play. What will make Stan stop playing in the kitchen?
521 8 _a500
_bLexile estimate
521 8 _aJ
_bRaz-Plus
650 _aSpider
_vBeing washed away
700 _aBurnett, Jeff
_eIllustrator
942 _2ddc
_cBK
_n0
999 _c10151
_d10151